00469nam a2200133Ia 4500008004100000041000800041082000800049100002200057245004200079260003900121906001200160999001700172952014600189221007s9999 xx 000 0 und d aeng bHUS aBhatt V.M.996755 aMusic For Relaxation : Mind-Body-Soul c2011bThe India Today GroupaDelhi bGeneral c61195d61195 00104070aHIMRbHIMRd2011-12-08eDream Inheritorg100.00i2812l0o HUSpHIMR-AV-1382r2022-10-07 00:00:00v100.00w2011-11-17yVCzAV1382